| 000 | 00597nam a2200193 i 4500 | ||
|---|---|---|---|
| 001 | 134044 | ||
| 003 | ES-MaACL | ||
| 005 | 20250817132145.0 | ||
| 007 | t| | ||
| 008 | 070905s1975 xxk ||||1| eng d | ||
| 080 | _a75 Tiziano | ||
| 100 | 1 |
_aWethey, Harold E. _9116585 |
|
| 245 | 1 | 4 |
_aThe paintings of Titian. _n3, _pThe mytological and historical paintings / _cby Harold E. Wethey. |
| 260 |
_aLondon : _bPhaidon, _c[1975] |
||
| 300 |
_a1 v. (VII, 488 p., 240 h. de lám.) ; _c32 cm. |
||
| 600 | 0 | 4 |
_aTiziano, _dca. 1488-1576 _9110357 |
| 852 | 4 |
_aES-MaACL _jP-1432 |
|
| 999 |
_c134044 _d134044 |
||